Online katalóg knižníc regiónu Turca

Na prvý pohľad (Record no. 22193)

MARC details
000 -LEADER
fixed length control field 01713cam a2200469 a 4500
001 - CONTROL NUMBER
control field 22193
003 - CONTROL NUMBER IDENTIFIER
control field VRT
005 - DATE AND TIME OF LATEST TRANSACTION
control field 20260321130311.0
008 - FIXED-LENGTH DATA ELEMENTS--GENERAL INFORMATION
fixed length control field 240318s2014 xo g 000 f slo
015 ## - NATIONAL BIBLIOGRAPHY NUMBER
National bibliography number SNBA2014/11
020 ## - INTERNATIONAL STANDARD BOOK NUMBER
International Standard Book Number 9788055139500
Qualifying information (viaz.)
035 ## - SYSTEM CONTROL NUMBER
System control number A9D3F41E-9DD1-40EA-BF5C-39B79F5C2BAD
035 ## - SYSTEM CONTROL NUMBER
System control number urn:nbn:sk:snk-am3h5z8
035 ## - SYSTEM CONTROL NUMBER
System control number urn:nbn:sk:snk-am008zox
039 #9 - LEVEL OF BIBLIOGRAPHIC CONTROL AND CODING DETAIL [OBSOLETE]
Level of rules in bibliographic description 202403181439
Level of effort used to assign nonsubject heading access points VLOAD
Level of effort used to assign subject headings 202103231148
Level of effort used to assign classification AUTHORITY
Level of effort used to assign subject headings 201911101908
Level of effort used to assign classification AUTHORITY
Level of effort used to assign subject headings 201911101853
Level of effort used to assign classification AUTHORITY
040 ## - CATALOGING SOURCE
Original cataloging agency POKPOH
Language of cataloging slo
Transcribing agency POKPOH
Modifying agency SNK
Description conventions AACR2
041 1# - LANGUAGE CODE
Language code of text/sound track or separate title slo
Language code of original eng
044 ## - COUNTRY OF PUBLISHING/PRODUCING ENTITY CODE
MARC country code xo
ISO country code SK
072 #7 - SUBJECT CATEGORY CODE
Subject category code 821.111(73)-3
Subject category code subdivision Americká próza
Source konspekt
080 ## - UNIVERSAL DECIMAL CLASSIFICATION NUMBER
Universal Decimal Classification number 821.111(73)-31
Edition identifier 2001
080 ## - UNIVERSAL DECIMAL CLASSIFICATION NUMBER
Universal Decimal Classification number (0:82-312.5)
Edition identifier 2001
100 1# - MAIN ENTRY--PERSONAL NAME
Personal name Steel, Danielle,
Dates associated with a name 1947-
Relationship aut
240 10 - UNIFORM TITLE
Uniform title First Sight
Language of a work Slovensky
245 10 - TITLE STATEMENT
Title Na prvý pohľad
Statement of responsibility, etc. Danielle Steel ; [z anglického originálu preložila Martina Zrubáková ; verše preložil Milan Richter]
250 ## - EDITION STATEMENT
Edition statement 1. vyd.
260 ## - PUBLICATION, DISTRIBUTION, ETC.
Place of publication, distribution, etc. Bratislava
Name of publisher, distributor, etc. Ikar
Date of publication, distribution, etc. 2014
300 ## - PHYSICAL DESCRIPTION
Extent 453 s.
Dimensions 21 cm
655 #7 - INDEX TERM--GENRE/FORM
Genre/form data or focus term americké romány
Source of term SNKPH
655 #7 - INDEX TERM--GENRE/FORM
Genre/form data or focus term American fiction
Source of term SNKPHeng
655 #7 - INDEX TERM--GENRE/FORM
Genre/form data or focus term ľúbostné romány
Source of term SNKPH
655 #7 - INDEX TERM--GENRE/FORM
Genre/form data or focus term Love noveles
Source of term SNKPHeng
700 1# - ADDED ENTRY--PERSONAL NAME
Personal name Zrubáková, Martina
Relationship trl
700 1# - ADDED ENTRY--PERSONAL NAME
Personal name Richter, Milan,
Dates associated with a name 1948-
Relationship trl
910 ## - USER-OPTION DATA (OCLC)
User-option data bpksh
942 ## - ADDED ENTRY ELEMENTS (KOHA)
Source of classification or shelving scheme Dewey Decimal Classification
Koha item type Krásna literatúra pre dospelých
Suppress in OPAC No
949 ## - LOCAL PROCESSING INFORMATION (OCLC)
6 17A1115794
a snkSC 160889
b snk2014/18914
o 1865/14
s 6100:20140925
949 ## - LOCAL PROCESSING INFORMATION (OCLC)
6 17A1116630
a snkSC 160889 D1
b snk2014/20835
o 1865/14
949 ## - LOCAL PROCESSING INFORMATION (OCLC)
6 2889208238
a savukPV 19541
b savuk2014/3527
949 ## - LOCAL PROCESSING INFORMATION (OCLC)
6 3869A10641
a bpksh821.111(73)-31
b bpksh66473
949 ## - LOCAL PROCESSING INFORMATION (OCLC)
6 273K0586317
a svkpoA 224895
b svkpo583490
949 ## - LOCAL PROCESSING INFORMATION (OCLC)
6 270001000459817
a svkbbA 142327
b svkbbm 746848
Holdings
Stav vyradenia Strata Poškodenie Spôsob nadobudnutia Domovská knižnica Aktuálna knižnica Dátum nadobudnutia Cena Total checkouts Čiarový kód exemplára Date last seen Typ exemplára
      Kúpa Obecná knižnica Horná Štubňa Obecná knižnica Horná Štubňa 21.03.2026 11.50   9788055139500 21.03.2026 Krásna literatúra pre dospelých
Projekt je podporený Slovenskou asociáciou knižníc
Prevádzkuje Turčianska knižnica Martin 2026